000 00576nam a2200193Ia 4500
003 IN-BaIIA
008 211028s9999 xx 000 0 eng d
020 _a978-1-4711-3888-1
040 _cIIA Library
080 _a523.43
_bPET
100 _aPetranek, Stephen L
_936509
245 0 _aHow we'll live on Mars
_cStephen L Petranek
260 _aLondon
_bTED Books
_c2015
300 _a77p.
650 _aMars (Planet)
_933211
650 _aPlanets - environmental engineering
_936510
650 _aSpace colonies
_910792
942 _cBK
999 _c19122
_d19122